000 00864cam a2200193 4500
001 WB3647-13
008 000000n2000 000 0 eng u
035 _a(Sirsi) u109537
245 _aPacks may add £600 to sellers' costs
260 _c2000
490 _aFinancial Times
_v 25 November 2000, 20(1)
520 _aSeller's information packs, providing information on properties put together by the vendor, look set to become law for all property sales in England and Wales by 2003, following an 8-month pilot scheme in Bristol. However, concerns have been expressed at the possible cost and effect on sales of lower-value properties.
590 _aWB
650 _aHOUSING MARKET
650 _aSELLERS PACKS
650 _aPROPERTY-RESIDENTIAL PROPERTY-ACQUISITION AND DISPOSAL OF RESIDENTIAL PROPERTY
690 _aHOUSING-HOUSING FINANCE
942 _n0
999 _c65398
_d65398